00443nam a2200133Ia 4500008004100000245004700041260002100088856004300109942000800152942000900160952008200169999001700251945004100268240731s9999 xx 000 0 und d 0aJournal of Medical and Veterinary Mycology bTaylor & Francis uhttps://www.tandfonline.com/loi/immy19 2ddc cTFEJ 001040708TFEJaUCSCbDLcTFEJd2024-07-31l0r2024-07-31w2024-07-31yTFEJ c77950d77950 a1bMadushi Gamagec1dMadushi Gamage